000
00314nam a2200121Ia 4500
008
241028s9999 xx 000 0 und d
041
_a
eng
082
_a
005.133 RAO
100
_a
Rao
245
_a
Machine Learning In Data Science Using Python
260
_b
Wiley India
_a
New Delhi
_c
2022
300
_a
926;. P. 23 cm
999
_c
43015
_d
43015